| Record ID | ia:firstcourseincod0000hill |
| Source | Internet Archive |
| Download MARC XML | https://archive.org/download/firstcourseincod0000hill/firstcourseincod0000hill_marc.xml |
| Download MARC binary | https://www.archive.org/download/firstcourseincod0000hill/firstcourseincod0000hill_meta.mrc |
LEADER: 01005cam 22002890a 4500
001 0116300234923
008 880422s1986 enk a b 11 eng d
010 $a 85021588
020 $a0198538030 (pbk.) :$c$13.00 (U.S.)
021 $a0198538049 :$c$26.00 (U.S.)
035 $a(Sirsi) AAC-0043
035 $a11820167.C..
035 0 $aA874098$fcc
040 $aOPET$beng
046 $aDLC$cDLC
050 00 $aQA268$b.H55 1986
082 0 $a005.7/2$z19
090 0 $aQA 268 .H55 1986$bb
100 1 $aHill, Raymond,$d1942-
245 12 $aA first course in coding theory /$cRaymond Hill. --
260 $aOxford [Oxfordshire] :$bClarendon Press ;$aNew York :$bOxford University Press,$c1986.
300 $axii, 251 p. :$bill. ;$c23 cm. --
490 1 $aOxford applied mathematics and computing science series
500 $aIncludes index.
504 $aBibliography: p. [243]-248.
650 0 $aError-correcting codes (Information theory)
830 0 $aOxford applied mathematics and computing science series.